Changing university? (Record no. 379422)

000 -LEADER
fixed length control field 00536cam a22001577a 4500
008 - FIXED-LENGTH DATA ELEMENTS--GENERAL INFORMATION
fixed length control field 180718b1995 xxu||||| |||| 00| 0 eng d
020 ## - INTERNATIONAL STANDARD BOOK NUMBER
International Standard Book Number 0335194206
082 ## - DEWEY DECIMAL CLASSIFICATION NUMBER
Classification number P5x42 Sch81t
245 ## - TITLE STATEMENT
Title Changing university?
Statement of responsibility, etc. edited by Tom Schuller
260 ## - PUBLICATION, DISTRIBUTION, ETC.
Place of publication, distribution, etc. Buckingham
Name of publisher, distributor, etc. Society for Research into Higher Education
Date of publication, distribution, etc. 1995
300 ## - PHYSICAL DESCRIPTION
Extent 184p.
650 ## - SUBJECT ADDED ENTRY--TOPICAL TERM
Topical term or geographic name entry element Educational change --Great Britain
650 ## - SUBJECT ADDED ENTRY--TOPICAL TERM
Topical term or geographic name entry element Education, Higher --Aims and objectives --Great Britain
650 ## - SUBJECT ADDED ENTRY--TOPICAL TERM
Topical term or geographic name entry element Universities and colleges --Great Britain
700 ## - ADDED ENTRY--PERSONAL NAME
Personal name Schuller, Tom
Holdings
Withdrawn status Lost status Damaged status Not for loan Permanent Location Current Location Date acquired Full call number Barcode Date last seen Price effective from Koha item type
        Indian Institute of Public Administration Indian Institute of Public Administration 1996-04-23 P5x42 Sch81t 70628 2018-07-21 2018-07-21 Book

Powered by Koha